Materiály v protipožiarnej ochrane : Vysokoškolská učebnica

Saved in:
Bibliographic Details
Main Authors: Kačíková, Danica (Author), Balog, Karol, 1949- (Author), Tureková, Ivana, 1960- (Author), Mitterová, Iveta (Author)
Other Authors: Osvald, Anton (Reviewer), Netopilová, Miroslava (Reviewer), Kačík, František (Reviewer)
Format: Book
Language:Slovak
Published: Zvolen : Technická univerzita vo Zvolene, 2011
Edition:1. vyd.
Subjects:
Tags: Add Tag
No Tags, Be the first to tag this record!

MARC

LEADER 00000nam a22000003a 4500
001 stu248058
005 20220317190546.1
008 120611s2011----xo------------------slo-d
020 |a 978-80-228-2317-3 
040 |a STU  |b slo 
041 0 |a slo 
044 |a xo 
080 |a 331 
100 1 |a Kačíková, Danica  |4 aut  |9 30 
245 1 |a Materiály v protipožiarnej ochrane :  |b Vysokoškolská učebnica 
250 |a 1. vyd. 
260 |a Zvolen :  |b Technická univerzita vo Zvolene,  |c 2011 
300 |a 367 s 
650 7 |a protipožiarna ochrana  |2 stusub 
700 1 |a Balog, Karol,  |d 1949-  |4 aut  |u M5000  |9 10  |U MTF Materiálovotechnologická fakulta  |T MTF Ústav bezpečnosti, environmentu a kvality  |X 243  |U M5000  |Y 85  |7 A000000243 
700 1 |a Tureková, Ivana,  |d 1960-  |4 aut  |u M5000  |9 30  |U MTF Materiálovotechnologická fakulta  |T MTF Ústav bezpečnosti, environmentu a kvality  |X 207  |U M5000  |Y 85  |7 A000000207 
700 1 |a Mitterová, Iveta  |4 aut  |9 30 
700 1 |a Osvald, Anton  |4 rev 
700 1 |a Netopilová, Miroslava  |4 rev 
700 1 |a Kačík, František  |4 rev 
996 |b 284M085009  |c M*13464-1  |l MMKN  |s A  |a 24  |w stu248058_0002 
996 |b 284M085010  |c M*13464-2  |l MMKN  |s A  |a 24  |w stu248058_0003 
996 |b 284M085011  |c M*13464-3  |l MMKN  |s A  |a 24  |w stu248058_0004 
996 |b 284M085012  |c M*13464-4  |l MMKN  |s A  |a 24  |w stu248058_0005 
996 |b 284M085013  |c M*13464-5  |l MMKN  |s A  |a 24  |w stu248058_0006